| 000 | 03019ngm a2200469 4500 | ||
|---|---|---|---|
| 003 | dpl | ||
| 005 | 20100319160310.0 | ||
| 007 | DVD | ||
| 008 | ||||||sp199 xxu|||||c ||| 00| 0 ng d | ||
| 010 | _aDVD-007080-7088 | ||
| 024 |
_c49.00 _aSHE 2084 F2 |
||
| 035 | _aDVD-007080-7088 | ||
| 040 |
_aDPL _cDPL |
||
| 082 | _aDVD PARA | ||
| 245 |
_aParampara _cA.G.Nadiadwala's Presents _h[videorecording] VCD/ |
||
| 260 | _bShemaroo Home Entertainment | ||
| 300 |
_a2 videodisc VCD; _bsd., col. ; _c4 3/4 in. _fVCD |
||
| 440 | _aShemaroo Home Entertainment | ||
| 500 | _aMastered From The Original Film | ||
| 500 | _aThis Title in Completed with 2 Disc. Not to be sold individually. | ||
| 538 | _aDolby Digital 5.1 - Hindi Subtitles: English | ||
| 538 | _aNTSC Format-All Regions, 16x9 Anamorphic (2:23.1 Aspect Ratio), Dual Layer | ||
| 650 | _aMotion Picture | ||
| 700 | _aChopra, Yash | ||
| 700 | _aNadiadwala, Feroz A. | ||
| 700 | _aShiv Hari | ||
| 700 | _aDutt, Sunil | ||
| 700 | _aKhanna, Vinod | ||
| 700 | _aAamir Khan | ||
| 700 | _aRaveena Tandon | ||
| 942 |
_cCF _2ddc _hDVD _mPARA |
||
| 999 |
_c34800 _d34800 |
||